| 000 | 00713nam a2200205Ii 4500 | ||
|---|---|---|---|
| 003 | JO-AjNU | ||
| 008 | 230605s9999||||xx |||||||||||||| ||und|| | ||
| 040 |
_aJO-AjNU _bara _erda _cJO-AjNU |
||
| 041 | _aara | ||
| 050 | 1 | 4 | _aKMN50.5 |
| 100 | 3 |
_a شرف الدين، أحمد , _eauthor _947000 |
|
| 245 | 0 | 0 | _aدراسات في القانون المدني الكويتي الجديد " تساؤلات علمية واشكاليات عملية " |
| 250 | _a(د،ط) | ||
| 264 | 3 | 1 | _aالكويت : د ، ن ، د ، ت |
| 300 | _a195ص | ||
| 336 |
_atext _btxt _2rdacontent |
||
| 337 |
_aunmediated _bn _2rdamedia |
||
| 338 |
_avolume _bnc _2rdacarrier |
||
| 650 | 4 |
_aقانون مدني -- الكويت _947001 |
|
| 999 |
_aA20487 _c24055 _d24055 |
||